| 000 | 00875nam a2200277 i 4500 | ||
|---|---|---|---|
| 001 | 5898 | ||
| 003 | ES-MaACL | ||
| 005 | 20250813062707.0 | ||
| 007 | t| | ||
| 008 | 890613s1983 sp |||| |dspa d | ||
| 020 | _a84-206-3083-7 | ||
| 080 | _a929 Carande Tovar, Ramón | ||
| 080 | _a929(460)"18/19" | ||
| 100 | 1 |
_aCarande, Ramón. _934952 |
|
| 245 | 1 | 0 |
_aGalería de raros atribuídos a Regino Escaro de Nogal / _cRamón Carande ; prólogo de Rafael Pérez Delgado. |
| 250 | _a2ª ed. rev. | ||
| 260 |
_aMadrid : _bAlianza, _c1983. |
||
| 300 |
_a376 p. ; _c20 cm. |
||
| 490 | 1 |
_aAlianza tres ; _v83 |
|
| 650 | 1 | 4 |
_aEspañoles- _yS.XIX- _xBiografías. _912478 |
| 650 | 0 | 4 |
_aEspañoles- _yS.XX- _xBiografías. _912480 |
| 700 | 1 |
_aPérez Delgado, Rafael. _990829 |
|
| 830 | 0 | 0 |
_aAlianza tres _v83 _9177344 |
| 852 |
_aES-MaACL _jL-13012 _z- rust. |
||
| 999 |
_c5898 _d5898 |
||